01307nam a22003497a 4500003000500000005001700005008004100022010001100063011001100074020001500085035001100100040000900111082001700120100003000137245014800167260006200315300001900377590004100396590004100437590004100478590004200519650003200561650002000593650003300613650004100646700002800687901000700715942001000722949006900732999001900801952013700820CHAP20220329143722.0110406s1984 us a r 00010 eng d a100867 a101839 a0941942198 a112527 cCHAP04a581.634bH161 aHalstead, Bruce W.95239210aEleutherococcus senticosus :bsiberian ginseng an introduction to the concept of adaptogenic medicinec/por Bruce W. Halstead y Loretta L. Hood aLong Beach, Ca. :bOriental Healing Arts Institute,c1984 a94 p. :bilus. aBATCH-UPDb10c20130110lUCH01h1137 aBATCH-UPDb10c20130410lUCH01h0724 aBATCH-UPDb10c20130914lUCH01h0744 aCONVERSIONb10c20130109lUCH01h135614aBotánica médica.91468014aGinseng.94809014aMedicina tradicional.97392114aTerapéutica fisiológica.91123461 aHood, Loretta L.956155 aBK cLIBRO a581.634 H16bBCcLIBROd33724002236538eLIBROh114618i112527sb c100867d100867 00102ddc4052708GRALaBCbBCcPA_GRALd2019-12-31fLIBROl0o581.634 H16p33724002236538r2019-12-31 00:00:00w2019-12-31yLIBRO